Guía de los descarriados: tratado de teología y de filosofía
Saved in:
| Hovedforfatter: | |
|---|---|
| Format: | Bog |
| Sprog: | spansk |
| Udgivet: |
Buenos Aires
S. Sigal
1955
|
| Fag: | |
| Tags: |
Tilføj Tag
Ingen Tags, Vær først til at tagge denne postø!
|
MARC
| LEADER | 00000nam a2200000 a 4500 | ||
|---|---|---|---|
| 001 | UCL4106 | ||
| 003 | CL-VaPUC | ||
| 005 | 20210701180843.0 | ||
| 008 | 031231e19550000AG |||||||||||||||||spa|d | ||
| 999 | |c 307049 |d 307047 | ||
| 040 | |c Pontificia Universidad Católica de Valparaíso | ||
| 082 | 0 | 4 | |a 189 |b MAI |2 21 |
| 100 | |a Maimónides |e autor |9 861989 | ||
| 245 | 1 | 0 | |a Guía de los descarriados: tratado de teología y de filosofía |
| 260 | |a Buenos Aires |b S. Sigal |c 1955 | ||
| 300 | |a v | ||
| 583 | |a last modification |c 20031231 00:00:00 |k Rodrigo Vera | ||
| 650 | 0 | |a Filosofía judía |9 265155 | |
| 650 | 0 | |a Filosofía medieval |9 256245 | |
| 650 | 0 | |a Teología |9 258766 | |
| 650 | 0 | |a Escolasticismo |9 264998 | |
| 942 | |c BK |2 ddc | ||
| 945 | |d 20031231 00:00:00 |a rbrito | ||
| 952 | |0 0 |1 0 |4 0 |6 189_000000000000000_MAI_1955 |7 0 |8 A |9 372526 |a BIBTEO |b BIBTEO |d 2019-11-21 |h v.1 |i 2086751 |o 189 MAI 1955 |p 2086751 |r 2025-01-17 |w 2019-11-21 |y BK |k ICR | ||
| 952 | |0 0 |1 0 |4 0 |6 189_000000000000000_MAI_1955 |7 0 |8 A |9 372527 |a BIBTEO |b BIBTEO |d 2019-11-21 |h v.2 |i 2086778 |o 189 MAI 1955 |p 2086778 |r 2025-01-17 |w 2019-11-21 |y BK |k ICR | ||
| 952 | |0 0 |1 0 |4 0 |6 189_000000000000000_MAI_1955 |7 0 |8 A |9 372528 |a BIBTEO |b BIBTEO |d 2019-11-21 |h v.3 |i 208676K |o 189 MAI 1955 |p 208676K |r 2025-01-17 |w 2019-11-21 |y BK |k ICR | ||